Joseph Conrad : (Registro nro. 5820)

000 -CABECERA
campo de control de longitud fija 00699nam a2200229 u 4500
001 - NÚMERO DE CONTROL
campo de control 000056445
005 - FECHA Y HORA DE LA ÚLTIMA TRANSACCIÓN
campo de control 20200120223242.0
008 - DATOS DE LONGITUD FIJA--INFORMACIÓN GENERAL
campo de control de longitud fija 130617s2004 ck gr 000 0 spa d
020 ## - NÚMERO INTERNACIONAL ESTÁNDAR DEL LIBRO
Número Internacional Estándar del Libro 9583013579
041 0# - CÓDIGO DE LENGUA
Código de lengua del texto/banda sonora o título independiente //spa
082 04 - NÚMERO DE LA CLASIFICACIÓN DECIMAL DEWEY
Número de clasificación 928
Número de documento/Ítem V17j
Número de edición 21
100 1# - ENTRADA PRINCIPAL--NOMBRE DE PERSONA
Nombre de persona Vásquez, Juan Gabriel.
245 10 - MENCIÓN DE TÍTULO
Título Joseph Conrad :
Resto del título el hombre de ninguna parte /
Mención de responsabilidad, etc. Juan Gabriel Vásquez, edición Javier R. Mahecha López.
250 ## - MENCIÓN DE EDICIÓN
Mención de edición 1a. ed.
260 ## - PUBLICACIÓN, DISTRIBUCIÓN, ETC.
Lugar de publicación, distribución, etc. Bogotá :
Nombre del editor, distribuidor, etc. Panamericana,
Fecha de publicación, distribución, etc. 2004.
300 ## - DESCRIPCIÓN FÍSICA
Extensión 93 p.
490 #0 - MENCIÓN DE SERIE
Mención de serie 100 personajes autores
650 17 - PUNTO DE ACCESO ADICIONAL DE MATERIA--TÉRMINO DE MATERIA
Término de materia o nombre geográfico como elemento de entrada Novelistas
Fuente del encabezamiento o término LEMB
650 27 - PUNTO DE ACCESO ADICIONAL DE MATERIA--TÉRMINO DE MATERIA
Término de materia o nombre geográfico como elemento de entrada Autores en la literatura
Fuente del encabezamiento o término LEMB
650 27 - PUNTO DE ACCESO ADICIONAL DE MATERIA--TÉRMINO DE MATERIA
Término de materia o nombre geográfico como elemento de entrada Novelistas ingleses
Fuente del encabezamiento o término LEMB
700 1# - PUNTO DE ACCESO ADICIONAL--NOMBRE DE PERSONA
Nombre de persona Mahecha López, Javier R.
Término indicativo de función/relación ed.
Existencias
Estado de retiro Estado de pérdida Fuente del sistema de clasificación o colocación Estado dañado No para préstamo Código de colección Localización permanente Ubicación/localización actual Fecha de adquisición Número de inventario Total de préstamos Signatura topográfica completa Código de barras Fecha visto por última vez Fecha del último préstamo Número de copia Precio válido a partir de Tipo de ítem Koha Nota pública
          Colección General Biblioteca Pública San Juan Bosco Biblioteca Pública San Juan Bosco 20/01/2020 109727 1 928 V17j MOS001083 08/02/2024 31/01/2024 ej.1 20/01/2020 Libro Ocho días
          Colección General Biblioteca Pública San Juan Bosco Biblioteca Pública San Juan Bosco 20/01/2020 109724   928 V17j MOS481295 20/01/2020   ej.2 20/01/2020 Libro Ocho días
          Colección General Biblioteca Pública San Juan Bosco Biblioteca Pública San Juan Bosco 20/01/2020 109725   928 V17j MOS011174 20/01/2020   ej.3 20/01/2020 Libro Ocho días
          Colección General Biblioteca Pública San Juan Bosco Biblioteca Pública San Juan Bosco 20/01/2020 109726 1 928 V17j MOS011175 17/04/2021 15/04/2021 ej.4 20/01/2020 Libro Ocho días

© Todos los derechos reservados para la Biblioteca Pública Municipal San Juan Bosco, 2020
Secretaria de Cultura de Mosquera
Carrera 3 N° 10 Esquina Centro Cultural Barrio El Carmén Teléfono: 8270830 Ext: 34
Funcionando con KOHA
Contacto: Biblioteca Pública Municipal San Juan Bosco/ bibliotecasanjuanbosco@mosquera-cundinamarca.gov.co
Mosquera, Cundinamarca